Responses for Show #6070 - Friday, January 21, 2011

Contestants

[<< previous game]

Amanda Sonmor, a virtual assistant originally from Denver, Colorado

Sandy Hollimon, a college instructor of anthropology from Jenner, California

Scott Harris, a videographer and elementary school librarian from Las Vegas, Nevada (whose 1-day cash winnings total $19,201)

[next game >>]

Jeopardy! Round responses

PRESIDENT TYLER
SCI-FI TV
WE OWN YOU
(Alex: You have to name the parent company.)
PLUTO: NEVER FORGET!
ALL THINGS CONSIDERED
THIS IS N-P-R
(Alex: Each correct response will begin with the letter "N", and it will be followed at some point with a "P" and an "R".)
    $200 1
the Whig Party

Scott
    $200 11
the Six Million Dollar Man

Scott
    $200 22
Mattel

Scott
    $200 21
a dwarf planet

Scott
    $200 16
(Sandy: What is Minnesota?)

Wisconsin

ScottSandy
    $200 6
a newspaper

Amanda
    $400 2
(Scott: What is Japan?)

China

ScottAmanda
    $400 12
Star Trek: The Next Generation

Scott
    $400 23
(Sandy: What is Coca-Cola?)

Pepsi

ScottSandy
    $400 30
Mercury

Scott
    $400 17
48

Amanda
    $400 7
non-partisan

Scott
    $600 3
Virginia

Scott
    $600 13
The Planet of the Apes

Scott
    $600 24
Johnson & Johnson

Sandy
    $1,000 29
(Sandy: What is Jupiter?)

Neptune

Sandy
    $600 18
oysters

Amanda
    $600 8
nail-clippers

Triple Stumper
    $800 4
impeachment

Scott
    $800 14
Buck Rogers

Scott
    $800 25
Hormel

Sandy
    $800 28
(Alex: Notice the spelling of Styx? [*].)

Charon

Triple Stumper
    $800 19
(Scott: What is, uh, zirconium?)

zircon

Scott
Triple Stumper
    $800 9
noiseproof

Scott
    $1000 5
Maine

Amanda
    $1000 15
Eureka

Amanda
    $1000 26
Kimberly-Clark

Triple Stumper
    $1000 27
Percival Lowell

Triple Stumper
    $1000 20
Elián González

Amanda
    $1000 10
(Sandy: What is the nephritis?)
(Alex: No.)
(Sandy: Nephro--mm. Okay.)
(Amanda: What is the nephrite?)

nephron

SandyAmanda
Triple Stumper

Scores at the first commercial break (after clue 15):

Scott Sandy Amanda
$4,400 -$1,000 $1,600

Scores at the end of the Jeopardy! Round:

Scott Sandy Amanda
$5,000 -$1,200 $3,600

Double Jeopardy! Round responses

CLASSICAL MUSIC
I'M SO THEATRICAL
LOUISIANA LORE
ALSO ON THE MONOPOLY BOARD
WORLD LITERATURE
JOB HUNTING
(Alex: The correct response in that category for each clue will be made up of letters in the clue in order.)
    $400 1
Messiah

Sandy
    $400 19
Spamalot

Scott
    $400 22
(Alex: [*] is right with a minute to go.)

Jefferson

Scott
    $400 6
Pennsylvania

Amanda
    $400 9
Wales

Amanda
    $800 2
the cello

Scott
    $800 17
Rent

Sandy
    $800 7
The Electric Company

Scott
    $800 10
Zorba

Scott
    $1200 3
Peer Gynt

Sandy
    $1200 16
a Nervous Breakdown

Scott
    $1200 24
egrets

Sandy
    $2,000 8
(Scott: [Scoffs])
(Alex: You haven't played Monopoly in a while.)
(Scott: Not in a while. No.)

water works

Scott
    $1200 11
Souls

Amanda
    $1600 4
Schumann

Amanda
    $1600 15
(Tony) Shalhoub

Scott
    $1600 23
(Alex: The "cannes" should have given you the important part of the clue. [*]--cannes.)

sugarcane

Amanda
Triple Stumper
    $1600 20
Baltic Avenue

Scott
    $1600 12
(Scott: What is Metamorphosis?)
(Alex: No.)
(Scott: [*]?)
...
(Alex: Yes, I ruled against you before you changed your response, Scott, and that's the reason for that.)

Metamorphoses

ScottSandy
    $1600 26
(Sandy: What is an athlete?)
[The end-of-round signal sounds.]

manager (in man age really)

Sandy
Triple Stumper
    $2000 5
(Sandy: What is the Titan?)
...
(Alex: It is the Symphony of [*]. It doesn't really need [*].)

a Thousand

Sandy
Triple Stumper
    $2000 14
Tony Kushner

Triple Stumper
    $2000 18
(Alex: Her name is [*]. Not well-known.)

Marie Laveau

Triple Stumper
    $2000 21
(Sandy: What are Marvin's Gardens?)
...
(Alex: That's it--yes--no apostrophe.)

Marvin Gardens

SandyAmanda
    $2,000 13
(Sandy: Who is Vargas Llosa?)

Gabriel García Márquez

Sandy
    $2000 25
(Alex: Looking for a job...)

teacher (in tea cherished)

Triple Stumper

Scores at the end of the Double Jeopardy! Round:

Scott Sandy Amanda
$9,000 -$3,600 $7,600

[wagering suggestions for these scores]

Final Jeopardy! Round responses

MOVIE SEQUELS
(Alex: [Revealing Amanda's response] The world of Dan Brown and the Illuminati.)
...
(Alex: [Revealing Scott's response] Oh, gosh, you forgot an "S". Oh! It's gonna cost you. Sorry!)
AmandaWhat is Angels & Demons?
$4,700
ScottWhat is Angels & Demon?
$6,201
Angels & Demons

Final scores:

Scott Sandy Amanda
$2,799 -$3,600 $12,300
2nd place: $2,000 3rd place: $1,000 New champion: $12,300

Game dynamics:

Coryat scores:

Scott Sandy Amanda
$11,000 -$600 $7,600
22 R,
4 W
(including 1 DD)
7 R,
8 W
(including 2 DDs)
12 R,
2 W

Combined Coryat: $18,000

[game clues] [game scores] [suggest correction]

Game tape date: 2010-10-12
The J! Archive is created by fans, for fans. Scraping, republication, monetization, and malicious use prohibited; this site may use cookies and collect identifying information. See terms. The Jeopardy! game show and all elements thereof, including but not limited to copyright and trademark thereto, are the property of Jeopardy Productions, Inc. and are protected under law. This website is not affiliated with, sponsored by, or operated by Jeopardy Productions, Inc. Join the discussion at JBoard.tv.